Guess the Harry Styles song with no hints #5 - Statistics

General Stats
  • This quiz has been taken 85 times
    82 since last reset
  • The average score is 155 of 238
Answer Stats
Answer % Correct
I
100%
a
98%
You
98%
you
98%
the
93%
me
92%
in
90%
your
90%
my
87%
to
87%
be
83%
on
83%
go,
82%
were
80%
We're
80%
I'm
78%
so
78%
You're
78%
you're
78%
could
77%
for
77%
was
75%
would
70%
just
68%
of
67%
(Ooh)
63%
(Ooh-ooh,
63%
ooh-ooh)
63%
there
63%
If
62%
now
62%
by
60%
got
60%
all
58%
time
58%
out
57%
Out
57%
at
55%
You'd
55%
I'll
53%
never
53%
life
52%
You've
52%
honey
48%
airplane
47%
Daylight,
47%
daylight
47%
fly
47%
Looking
47%
Dip
45%
roof
45%
seat
45%
spoon
45%
sticking
45%
right
43%
bluebird,
42%
doing
42%
Get
42%
gonna
42%
bleedin'
40%
kitchen
40%
nose
40%
one
40%
listen
38%
times
38%
horoscope
37%
Readin'
37%
hope
35%
missing
35%
There's
35%
Ain't
33%
ain't
33%
antidote
33%
cocaine
33%
take
33%
bicycles
32%
cursing
30%
please
30%
sleep
30%
till
30%
New York
28%
calling
27%
comedown
23%
Saying,
22%
picture,
20%
speed
20%
cut
18%
middle
18%
No matching quizzes found
Score Distribution
Percent of People with Each Score
Percentile by Number Answered
Your Score History
You have not taken this quiz since the last reset